000
00310nam a2200133Ia 4500
005
20260328104321.0
008
260328s9999||||xx |||||||||||||| ||und||
100
_a
Poole, Scott
245
0
_a
FINNISH Architecture /
_c
Scott Poole
260
_b
Rizzoli
300
_a
222 p.
650
_a
FINLANDIA
942
_c
BK
999
_c
11362
_d
11362